[Event "MEX-ch op 52nd "]
[Site "Mexico City"]
[Date "2006.04.14"]
[Round "5"]
[White "Vega Granillo, Alejandro"]
[Black "Monteagudo Sabater, David"]
[Result "0-1"]
[WhiteElo "2218"]
[BlackElo "2025"]
[PlyCount "80"]
[EventDate "2006.04.11"]
[EventType "swiss"]
[EventRounds "9"]
[EventCountry "MEX"]
[SourceTitle "EXT 2007"]
[Source "ChessBase"]
[SourceDate "2006.11.23"]
[SourceVersion "1"]
[SourceVersionDate "2006.11.23"]
[SourceQuality "1"]

1. e4 e5 2. Nf3 Nc6 3. Bb5 a6 4. Ba4 d6 5. d4 b5 6. Bb3 Nxd4 7. Nxd4 exd4 8. a4 Bb7 9. Qxd4 Nf6 10. Nc3 Be7 11. 0-0 c5 12. Qe3 b4 13. Nd5 Nxd5 14. exd5 0-0 15. c3 a5 16. Qg3 bxc3 17. bxc3 Ba6 18. Re1 Bf6 19. Bf4 Rb8 20. Bc2 Rb2 21. Bf5 Bh4 22. Qh3 Bxf2+ 23. Kh1 g6 24. Reb1 Rxb1+ 25. Bxb1 Qf6 26. Bd2 Be1 27. Bd3 Bxd2 28. Bxa6 Qxc3 29. Qxc3 Bxc3 30. Ra3 Re8 31. g3 Bb4 32. Ra2 Re1+ 33. Kg2 Rd1 34. Bb7 c4 35. Kf3 c3 36. Ke2 Rb1 37. Rc2 f5 38. Kd3 Kf7 39. Ke2 Kf6 40. Ba6 Ke5 0-1

[Event "Catalunya-ch Absolut"]
[Site "Barcelona"]
[Date "2001.04.13"]
[Round "6"]
[White "Monteagudo Sabater, David"]
[Black "Gardela Batlle, Jordi"]
[Result "0-1"]
[WhiteElo "2069"]
[BlackElo "2232"]
[PlyCount "126"]
[EventDate "2001.04.08"]
[EventType "swiss"]
[EventRounds "9"]
[EventCountry "ESP"]
[SourceTitle "EXT 2008"]
[Source "ChessBase"]
[SourceDate "2007.11.25"]
[SourceVersion "1"]
[SourceVersionDate "2007.11.25"]
[SourceQuality "1"]

1. d4 d5 2. Nf3 c6 3. g3 Bf5 4. Bg2 Qc8 5. 0-0 Bh3 6. Re1 Bxg2 7. Kxg2 e6 8. Nbd2 Nf6 9. e4 dxe4 10. Nxe4 Nbd7 11. Bf4 Nxe4 12. Rxe4 Nf6 13. Re2 Be7 14. c4 0-0 15. Rc1 Qd8 16. Qb3 Qb6 17. Qxb6 axb6 18. a3 Rac8 19. Rc3 h6 20. Rb3 Bd8 21. Bd6 Re8 22. h3 Ra8 23. Nd2 Ra4 24. Rb4 Rxb4 25. Bxb4 Bc7 26. Ne4 Nxe4 27. Rxe4 f5 28. Re1 Kf7 29. Bc3 Ra8 30. Kf3 g5 31. Ke2 h5 32. Kd3 Rd8 33. Kc2 Rd7 34. Rg1 Bd8 35. f3 Bf6 36. Rd1 Rd8 37. g4 hxg4 38. fxg4 fxg4 39. hxg4 Rh8 40. Rf1 Rh2+ 41. Kb3 Kg6 42. Re1 Kf7 43. Re4 Rf2 44. d5 exd5 45. cxd5 Rf4 46. Re6 Bxc3 47. Kxc3 b5 48. Rh6 cxd5 49. Rb6 Rxg4 50. Rxb7+ Ke6 51. Rxb5 Ke5 52. Kd3 Rg3+ 53. Ke2 Ke4 54. a4 d4 55. a5 d3+ 56. Kd2 Rg2+ 57. Kd1 g4 58. a6 Rg1+ 59. Kd2 Ra1 60. Rb4+ Kf3 61. Kxd3 Rxa6 62. Kc4 g3 63. Rb8 Rg6 0-1